The complete poetical works of Edgar Allan Poe (Record no. 121952)

MARC details
000 -LEADER
campo de control de longitud fija 00748nam a2200193 4500
001 - NÚMERO DE CONTROL
campo de control 121952
003 - IDENTIFICADOR DE NÚMERO DE CONTROL
campo de control ES-MaACL
005 - FECHA Y HORA DE LA ÚLTIMA TRANSACCIÓN
campo de control 20250713091412.0
007 - CAMPO FIJO DE DESCRIPCIÓN FÍSICA--INFORMACIÓN GENERAL
campo de control de longitud fija t|
008 - DATOS DE LONGITUD FIJA--INFORMACIÓN GENERAL
campo de control de longitud fija 070214s1909 xxk r ||||1| eng d
100 1# - ENTRADA PRINCIPAL--NOMBRE DE PERSONA
Nombre de persona Poe, Edgar Allan,
Fechas asociadas al nombre 1809-1849
9 (RLIN) 188384
245 14 - MENCIÓN DEL TÍTULO
Título The complete poetical works of Edgar Allan Poe
Resto del título : with three essays on poetry /
Mención de responsabilidad, etc. edited from the original editions with memoir, textual notes, and bibliography by R. Brimley Johnson.
260 ## - PUBLICACIÓN, DISTRIBUCIÓN, ETC.
Lugar de publicación, distribución, etc. Oxford [etc.] :
Nombre del editor, distribuidor, etc. Henry Frowde :
-- Oxford University Press,
Fecha de publicación, distribución, etc. 1909.
300 ## - DESCRIPCIÓN FÍSICA
Extensión LX, 316 p. :
Otras características físicas il. = retr. aut. ;
Dimensiones 19 cm.
700 1# - ENTRADA AGREGADA--NOMBRE PERSONAL
Nombre de persona Johnson, Reginald Brimley.
9 (RLIN) 66757
852 ## - LOCALIZACIÓN
Ubicación ES-MaACL
Número de control de estantería G-461
852 ## - LOCALIZACIÓN
Ubicación ES-MaACL
Número de control de estantería G-10466
Holdings
Estatus retirado Estado de pérdida Estado de daño No para préstamo Biblioteca de origen Biblioteca actual Ubicación en estantería Fecha de adquisición Fuente de adquisición Total de préstamos Signatura topográfica completa Código de barras Visto por última vez Precio de reemplazo Tipo de ítem Koha
        Biblioteca del Ateneo de Madrid Biblioteca del Ateneo de Madrid Sala Pecera Planta 3 17/01/2008     G-10466 1127089 23/02/2023 23/02/2023 Libro impreso
        Biblioteca del Ateneo de Madrid Biblioteca del Ateneo de Madrid Depósito 2 17/01/2008     G-461 1127088 23/02/2023 23/02/2023 Libro impreso